000 00591nam a2200169Ia 4500
005 20260601193249.0
008 260601s9999||||xx |||||||||||||| ||und||
020 _a978-3-031-66028-3
_qebk
100 _aArianna Latini
245 0 _aImmersive Virtual Reality for a Building Occupant-Centric Design
250 _a2024
260 _aHeidelberg, Germany
_bSpringer Nature
_c2024
440 _aDigital Innovations in Architecture, Engineering and Construction
650 _aComputer Science
856 _uhttps://link.springer.com/openurl?genre=book&isbn=978-3-031-66028-3
942 _cEB
_2ddc
999 _c56670
_d56670